ISOTHERMAL TITRATION CALORIMETRY IN ENZYMOLOGY techniques and.

Bibliographic Details
Corporate Author: ScienceDirect (Online service)
Format: eBook
Language:English
Published: [S.l.] : Academic Press, 2025.
Subjects:
Online Access:Connect to the full text of this electronic book

MARC

Tag First Indicator Second Indicator Subfields
LEADER 00000cam a2200000 4500
001 in00005776316
005 20260327191530.9
006 m o d
007 cr |n|||||||||
008 251017s2025 xx o 000 0 eng d
040 |a YDX  |b eng  |c YDX  |d OPELS  |d OCLCO  |d N$T  |d OCLCQ 
020 |a 9780443218491  |q (electronic bk.) 
020 |a 0443218498  |q (electronic bk.) 
020 |z 9780443218484 
020 |z 044321848X 
035 |a (OCoLC)1545511507 
050 4 |a QP601 
082 0 4 |a 572.7  |2 23/eng/20251027 
049 |a TXAM 
245 0 0 |a ISOTHERMAL TITRATION CALORIMETRY IN ENZYMOLOGY  |b techniques and. 
260 |a [S.l.] :  |b Academic Press,  |c 2025. 
300 |a 1 online resource 
336 |a text  |b txt  |2 rdacontent 
337 |a computer  |b c  |2 rdamedia 
338 |a online resource  |b cr  |2 rdacarrier 
650 0 |a Enzymology  |x Methodology. 
650 0 |a Thermometric titration. 
650 6 |a Enzymologie  |x Méthodologie. 
650 6 |a Titrage thermométrique. 
655 7 |a Electronic books.  |2 local 
710 2 |a ScienceDirect (Online service) 
776 0 8 |i Print version:  |z 044321848X  |z 9780443218484  |w (OCoLC)1449548783 
856 4 0 |u http://proxy.library.tamu.edu/login?url=https://www.sciencedirect.com/science/book/9780443218484  |z Connect to the full text of this electronic book  |t 0 
936 |a BATCHLOAD 
955 |a Elsevier ScienceDirect 2026-2027 
994 |a 92  |b TXA 
999 f f |i 14fca94a-5843-4694-9a29-9dc6793cbbd7  |s 681d0505-b257-4f4c-8388-1f749f75de91  |t 0 
952 f f |a Texas A&M University  |b College Station  |c Electronic Resources  |s www_evans  |d Available Online  |t 0  |e QP601   |h Library of Congress classification 
998 f f |a QP601   |t 0  |l Available Online